00406 2200169 4500001002100000005001500021008004100036020001800077035001900095041000700114082000800121090000800129100002000137245002700157260003700184300001500221INLIS00000000001074120241224114044241224||||||||| | ||| |||| || |  a979-010-487-1 0010-1224010741 aid0 a813 a8130 aArleen Amidjaja00aGertie's perfect party aJakartabBUMI AKSARA GROUPc2008 a23hlm;19cm